| 000 | 00320nam a22001217a 4500 | ||
|---|---|---|---|
| 020 | _a81-219-3223-8 | ||
| 082 |
_a174.4 _bWAS/T |
||
| 100 | _aV.WASON | ||
| 245 |
_aTEXTBOOK OF BUSINESS STUDIES _bFOR CLASS XI |
||
| 260 |
_aDELHI _bS.CHAND & COMPANY PVT LTD _c2013 |
||
| 650 |
_aBUSINESS STUDIES FOR CLASS XI _zINDIA |
||
| 942 | _cBK | ||
| 999 |
_c554 _d554 |
||